[Event "FRA-chT3 Gr12 0304"]
[Site "Loire"]
[Date "2004.01.18"]
[Round "4.5"]
[White "Arnaud, Jean Laurent"]
[Black "Ivanov, Tsewov Grisha"]
[Result "0-1"]
[WhiteElo "1570"]
[BlackElo "2030"]
[PlyCount "52"]
[EventDate "2003.10.12"]
[EventType "team"]
[EventRounds "9"]
[EventCountry "FRA"]
[SourceTitle "EXT 2008"]
[Source "ChessBase"]
[SourceDate "2007.11.25"]
[SourceVersion "1"]
[SourceVersionDate "2007.11.25"]
[SourceQuality "1"]

1. e4 Nf6 2. e5 Nd5 3. c4 Nb6 4. Nf3 d6 5. exd6 exd6 6. Nc3 Be7 7. Be2 Bg4 8. b3 c6 9. Bb2 Bf6 10. Qc2 Qe7 11. 0-0 0-0 12. Rfe1 Qc7 13. Rad1 N8d7 14. d4 Rae8 15. Rd2 a6 16. Ne4 d5 17. cxd5 Nxd5 18. Nxf6+ N7xf6 19. Ba3 Bxf3 20. Bxf8 Be4 21. Qc5 Rxf8 22. Rc1 Qf4 23. Rcd1 b6 24. Qa3 Nc3 25. g3 Nxe2+ 26. Kf1 Qf3 0-1